[Event "ESP-ch Veterans"]
[Site "Madrid"]
[Date "2010.02.15"]
[Round "6"]
[White "Corredor Gonzalez, Angel L"]
[Black "Beekof Harmsen, Willen"]
[Result "0-1"]
[WhiteElo "1768"]
[BlackElo "1849"]
[PlyCount "86"]
[EventDate "2010.02.08"]
[EventType "swiss"]
[EventRounds "9"]
[EventCountry "ESP"]
[SourceTitle "CBM 134 Extra"]
[Source "ChessBase"]
[SourceDate "2010.03.03"]
[SourceVersion "1"]
[SourceVersionDate "2010.03.03"]
[SourceQuality "1"]

1. e4 d6 2. d4 Nf6 3. Nc3 g6 4. f4 Bg7 5. e5 Nfd7 6. Bc4 e6 7. Nf3 d5 8. Bd3 c5 9. Be2 a6 10. 0-0 Nc6 11. Be3 0-0 12. dxc5 Qa5 13. a3 f6 14. Nd4 Nxd4 15. Bxd4 fxe5 16. fxe5 Rxf1+ 17. Qxf1 Nxe5 18. Qf4 Qc7 19. Bg4 Nf3+ 20. Qxf3 Bxd4+ 21. Kh1 Qf7 22. Qe2 Bd7 23. Rf1 Qe8 24. Na4 Bxa4 25. Bxe6+ Kh8 26. Qg4 Bg7 27. Bxd5 Bc6 28. Bxc6 Qxc6 29. b4 Re8 30. Rd1 Kg8 31. Qc4+ Qe6 32. Qxe6+ Rxe6 33. Kg1 Kf7 34. Rd7+ Re7 35. Rd3 Ke6 36. c4 Rd7 37. Re3+ Be5 38. b5 Rc7 39. c6 axb5 40. cxb5 bxc6 41. a4 cxb5 42. axb5 Rb7 43. Rb3 Kd5 0-1

[Event "ESP-ch Veterans"]
[Site "Madrid"]
[Date "2010.02.09"]
[Round "2"]
[White "Fuentes Arjona, Antonio C"]
[Black "Beekof Harmsen, Willen"]
[Result "1-0"]
[WhiteElo "2041"]
[BlackElo "1849"]
[PlyCount "59"]
[EventDate "2010.02.08"]
[EventType "swiss"]
[EventRounds "9"]
[EventCountry "ESP"]
[SourceTitle "CBM 134 Extra"]
[Source "ChessBase"]
[SourceDate "2010.03.03"]
[SourceVersion "1"]
[SourceVersionDate "2010.03.03"]
[SourceQuality "1"]

1. e4 d6 2. d4 Nf6 3. Nc3 g6 4. Nf3 Bg7 5. Be2 Bg4 6. h3 Bxf3 7. Bxf3 c6 8. 0-0 0-0 9. Qe2 Nfd7 10. Rd1 b5 11. e5 Qb6 12. exd6 exd6 13. Nxb5 d5 14. Nc3 Na6 15. a3 Rfe8 16. Qd3 Rab8 17. Bf4 Rb7 18. b4 Nc7 19. Bxc7 Rxc7 20. Rab1 Nf6 21. b5 Re6 22. bxc6 Qxc6 23. Nb5 Rb7 24. c4 Ne4 25. cxd5 Qxd5 26. Nc3 Qxd4 27. Qxd4 Bxd4 28. Rxd4 Rxb1+ 29. Nxb1 Ng5 30. Nd2 1-0

[Event "Madrid-ch Previa-A"]
[Site "Madrid"]
[Date "2009.11.17"]
[Round "8"]
[White "Beekof Harmsen, Willen"]
[Black "Poblador Dieguez, Alfredo"]
[Result "1/2-1/2"]
[WhiteElo "1872"]
[BlackElo "1661"]
[PlyCount "94"]
[EventDate "2009.11.02"]
[EventType "swiss"]
[EventRounds "9"]
[EventCountry "ESP"]
[SourceTitle "EXT 2010"]
[Source "ChessBase"]
[SourceDate "2010.11.25"]
[SourceVersion "1"]
[SourceVersionDate "2010.11.25"]
[SourceQuality "1"]

1. d4 d5 2. Nf3 Nf6 3. g3 Bg4 4. Bg2 e6 5. 0-0 c5 6. c4 Nc6 7. cxd5 Bxf3 8. exf3 Nxd5 9. dxc5 Bxc5 10. Qc2 Qb6 11. Nc3 Nxc3 12. Qxc3 Bd4 13. Qa3 Bc5 14. Qa4 0-0 15. Qe4 Rfd8 16. Rb1 Rd7 17. a3 a5 18. Be3 Bxe3 19. Qxe3 Qxe3 20. fxe3 Rad8 21. f4 Ne7 22. Bf3 b6 23. Rfd1 Rxd1+ 24. Rxd1 Rxd1+ 25. Bxd1 Nf5 26. Kf2 Kf8 27. Ke2 Ke7 28. Kd3 Kd6 29. e4 Ne7 30. Kc4 Kc7 31. h3 Nc8 32. e5 Ne7 33. Ba4 Nc6 34. b3 f6 35. b4 axb4 36. Bxc6 Kxc6 37. axb4 fxe5 38. fxe5 b5+ 39. Kd4 g5 40. h4 gxh4 41. gxh4 Kb6 42. Ke3 Kc6 43. Ke4 h6 44. Kd4 Kb6 45. Kd3 Kc6 46. Ke4 Kb6 47. Kf4 Kc6 1/2-1/2

[Event "Madrid-ch Previa-A"]
[Site "Madrid"]
[Date "2008.11.03"]
[Round "1"]
[White "Cortijo Manso, Luis"]
[Black "Beekof Harmsen, Willen"]
[Result "0-1"]
[WhiteElo "1689"]
[BlackElo "1958"]
[PlyCount "108"]
[EventDate "2008.11.03"]
[EventType "swiss"]
[EventRounds "9"]
[EventCountry "ESP"]
[SourceTitle "CBM 127 Extra"]
[Source "ChessBase"]
[SourceDate "2009.01.08"]
[SourceVersion "2"]
[SourceVersionDate "2009.01.28"]
[SourceQuality "1"]

1. e4 d6 2. d4 Nf6 3. Nc3 g6 4. Nf3 Bg7 5. Be2 c6 6. a4 Bg4 7. h3 Bxf3 8. Bxf3 Qc7 9. Be3 0-0 10. 0-0 Nbd7 11. Qc1 Rfe8 12. Rb1 a6 13. Ne2 b5 14. axb5 axb5 15. c3 Ra2 16. Qd2 Rea8 17. Nc1 R2a6 18. Nd3 Nb6 19. b3 Nfd7 20. Nb4 Ra5 21. Qb2 c5 22. Nc2 Ra2 23. Qc1 Rxc2 24. Qxc2 cxd4 25. Bd2 dxc3 26. Be3 b4 27. Ra1 Rxa1 28. Rxa1 Ne5 29. Be2 h6 30. Ra6 Ned7 31. Bg4 Nc5 32. Ra1 e6 33. f4 d5 34. e5 Ne4 35. Ra6 Nc5 36. Ra5 Nbd7 37. Ra8+ Kh7 38. h4 Ne4 39. h5 Ndc5 40. hxg6+ Kxg6 41. Bf3 f5 42. exf6 Bxf6 43. Rg8+ Kf7 44. Ra8 Kg7 45. Bg4 d4 46. Bxe6 dxe3 47. Rg8+ Kh7 48. Rc8 Qxf4 49. Rxc5 Qf2+ 50. Qxf2 exf2+ 51. Kf1 Nxc5 52. Bf5+ Kg7 53. Bc2 Bd4 54. Bd1 Ne4 0-1

[Event "Madrid-ch Seniors"]
[Site "Madrid"]
[Date "2008.02.13"]
[Round "7"]
[White "Rodriguez Bachiller, Luis"]
[Black "Beekof Harmsen, Willen"]
[Result "1-0"]
[WhiteElo "1898"]
[BlackElo "1959"]
[PlyCount "59"]
[EventDate "2008.02.05"]
[EventType "swiss"]
[EventRounds "7"]
[EventCountry "ESP"]
[SourceTitle "EXT 2010"]
[Source "ChessBase"]
[SourceDate "2010.11.25"]
[SourceVersion "1"]
[SourceVersionDate "2010.11.25"]
[SourceQuality "1"]

1. e4 d6 2. d4 Nf6 3. Nc3 g6 4. Nf3 Bg7 5. Be2 0-0 6. 0-0 Bg4 7. h3 Bxf3 8. Bxf3 c6 9. a4 a5 10. Be3 Qc7 11. Qc1 Re8 12. Ne2 b5 13. axb5 e5 14. dxe5 Rxe5 15. bxc6 Nxc6 16. Nd4 Rb8 17. Nxc6 Qxc6 18. Bd4 Nxe4 19. Bxe5 Bxe5 20. Bxe4 Qxe4 21. c3 Qe2 22. Rb1 a4 23. Re1 Qc4 24. Qg5 Rb3 25. Qh6 Rb8 26. Qe3 Kg7 27. g3 Rb3 28. f4 Rxc3 29. bxc3 Bxc3 30. Rbc1 1-0